| 000 | 01901cam a22004934i 4500 | ||
|---|---|---|---|
| 003 | PE-LiUPU | ||
| 005 | 20250731173402.0 | ||
| 008 | 150706s r 000 0 d | ||
| 020 | _a9780829753899 | ||
| 035 | _a(Sirsi) i9780829753899 | ||
| 040 |
_aPE-LiUPU _bspa _cPE-LiUPU _erda |
||
| 049 | _aPRUA | ||
| 082 | 0 | 4 |
_a226.8 _bB27 _221 |
| 100 | 1 |
_aBailey, Kenneth, _eautor. |
|
| 245 | 1 | 3 |
_aEl hijo pródigo : _bLucas 15 a través de la mirada de campesinos / _cKenneth bailey. |
| 264 | 1 |
_aMiami, Florida : _bVida, _c2009. |
|
| 300 |
_a112 páginas ; _c23 cm. |
||
| 336 |
_atext _2rdacontent |
||
| 337 |
_aunmediated _2rdamedia |
||
| 338 |
_avolume _2rdacarrier |
||
| 490 | 0 |
_aBiblioteca teológica Vida ; _v5 |
|
| 505 | 0 | _aComentario de Lucas 15 -- Alégrense conmigo: Lucas 15:1-10 -- Desear la muerte: Lucas 15:11-12 -- Un plan para salir airoso: Lucas 15:13-19 -- Un cara a cara explosivo: Lucas 15:20-24 -- El clímax que faltaba: Lucas 15:25-32 -- . | |
| 526 | _aSEG42 | ||
| 526 | _aSEG41 | ||
| 526 | _aSEG40 | ||
| 526 | _aSEG39 | ||
| 526 | _aP94 | ||
| 526 | _aP87 | ||
| 526 | _aP86 | ||
| 526 | _aP85 | ||
| 526 | _aP77 | ||
| 526 | _aP76 | ||
| 526 | _aP35 | ||
| 541 | _g001-0000515; | ||
| 630 |
_aBiblia. _pN.T. _pLucas 15 _vComentarios. |
||
| 650 | 0 | 4 | _aHijo pródigo (parábola). |
| 650 | 0 | 4 |
_aBiblia obras de teatro _zEstados Unidos. |
| 910 |
_bjv _cng _d20110603 |
||
| 942 |
_2ddc _cBOOK |
||
| 949 |
_a226.8 B27 _wDEWEY _c1 _i63082 _lCCODEBUL1 _mBUL _p15.00 _r0 _sY _tBOOK _u2015-7-6 _xTEOLOGIA _PP35 _o.STAFF. Colección General |
||
| 994 |
_aC0 _bPEPRU |
||
| 596 | _a1 | ||
| 999 |
_a226.8 B27 _wDEWEY _c52099 _i63082 _d52099 _e2017-10-29 _f2021-11-9 _g5 _lCCODEBUL1 _mBUL _n4 _p15.00 _q1 _r0 _sY _tBOOK _u2015-7-6 _xTEOLOGIA _PP35 _0COMPRA _o.STAFF. Colección General |
||
| 980 |
_81 _gALBERTO SANCHEZ Responsable de Automatización |
||